[Event "9. Bayer Sommeropen"]
[Site "Leverkusen"]
[Date "2025.08.15"]
[Round "1.27"]
[White "Schulte zu Sodingen, Matthias"]
[Black "Nerowski, Bernhard"]
[Result "1-0"]
[WhiteElo "1862"]
[BlackElo "1729"]
[PlyCount "107"]
[GameId "2217913298121635"]
[EventDate "2025.??.??"]

1. d4 d5 2. Nf3 e6 3. e3 Nf6 4. Bd3 Be7 5. O-O O-O 6. b3 b6 7. Bb2 Bb7 8. Nbd2 Nbd7 9. Qe2 c5 10. c4 Re8 11. Rac1 Bd6 12. dxc5 Nxc5 13. Bb1 e5 14. Qd1 e4 15. Nd4 Qe7 16. Nf5 Qe6 17. Nxd6 Qxd6 18. cxd5 Nxd5 19. Qg4 Nf6 20. Bxf6 Qxf6 21. Rfd1 Qe6 22. Qxe6 Rxe6 23. Nf1 Re7 24. Ng3 g6 25. Rd4 f5 26. b4 Ne6 27. Rd6 Rd8 28. Rxd8+ Nxd8 29. Ne2 Nc6 30. a3 Ne5 31. Nd4 a6 32. h3 b5 33. Ba2+ Kf8 34. Ne6+ Ke8 35. Nc5 Rc7 36. Rd1 Bc8 37. Rd4 Nd7 38. Nxd7 Rxd7 39. Rxd7 Bxd7 40. Kf1 Ke7 41. Bd5 Bc8 42. Ke2 Kd6 43. Bg8 h6 44. h4 Ke5 45. f4+ exf3+ 46. gxf3 Bb7 47. f4+ Kf6 48. Kd3 g5 49. hxg5+ hxg5 50. fxg5+ Kxg5 51. Kd4 Kf6 52. Ba2 Bc8 53. Bd5 Ke7 54. Ke5 1-0

[Event "9. Bayer Sommeropen"]
[Site "Leverkusen"]
[Date "2025.08.15"]
[Round "1.28"]
[White "Roder, Stephan"]
[Black "Berndt, Michael"]
[Result "0-1"]
[WhiteElo "1717"]
[BlackElo "1849"]
[PlyCount "42"]
[GameId "2217913298121636"]
[EventDate "2025.??.??"]

1. d4 Nf6 2. Bf4 d6 3. e3 g6 4. Nd2 Bg7 5. c3 Nbd7 6. Be2 c5 7. Qc2 a6 8. Bf3 Ra7 9. Rd1 b5 10. Ne2 Qb6 11. O-O O-O 12. g4 e5 13. dxe5 Nxe5 14. Bxe5 dxe5 15. e4 Bxg4 16. Ng3 Rd8 17. Bxg4 Nxg4 18. Rde1 Nf6 19. Kg2 Rad7 20. Re2 Ne8 21. b3 Nc7 0-1

[Event "9. Bayer Sommeropen"]
[Site "Leverkusen"]
[Date "2025.08.15"]
[Round "1.29"]
[White "Ebert, Wolf"]
[Black "Erkelenz, Fynn"]
[Result "1/2-1/2"]
[WhiteElo "1844"]
[BlackElo "1716"]
[PlyCount "117"]
[GameId "2217913298121637"]
[EventDate "2025.??.??"]

1. d4 Nf6 2. e3 e6 3. Bd3 b6 4. Nf3 Bb7 5. Nbd2 d5 6. Qe2 Bd6 7. O-O O-O 8. e4 dxe4 9. Nxe4 Nbd7 10. Bg5 h6 11. Bh4 Be7 12. Nxf6+ Nxf6 13. c3 c5 14. dxc5 Bxc5 15. Rad1 Qe7 16. Ne5 Rfd8 17. Ng4 Kh8 18. Bxf6 gxf6 19. Nxh6 Rd5 20. Be4 Re5 21. b4 Bxe4 22. bxc5 Bxg2 23. Qd3 Rg5 24. f3 Qxc5+ 25. Qd4 Qxd4+ 26. Rxd4 Bxf1+ 27. Kxf1 Kg7 28. Ng4 Rd5 29. Rxd5 exd5 30. Ke2 Rc8 31. Kd3 Rc4 32. Ne3 Ra4 33. Nxd5 Rxa2 34. h3 Kg6 35. Ke4 Ra4+ 36. Ke3 Rh4 37. Ne7+ Kg5 38. Nc8 Ra4 39. Nd6 Kh4 40. Nxf7 Kxh3 41. Nd6 Ra3 42. Kd4 Kg3 43. Ne4+ Kxf3 44. Nxf6 Ra4+ 45. Kd3 b5 46. Nd5 Rc4 47. Ne7 a5 48. Nf5 Rc5 49. Nd4+ Kf2 50. Nb3 Rd5+ 51. Ke4 Rd7 52. Nxa5 Ke2 53. Nb3 Kd1 54. Nd4 Rb7 55. Kd5 Kd2 56. Kc6 b4 57. Kxb7 bxc3 58. Kc6 Kd3 59. Kd5 1/2-1/2

[Event "9. Bayer Sommeropen"]
[Site "Leverkusen"]
[Date "2025.08.15"]
[Round "1.30"]
[White "Reuter, Florian"]
[Black "Botvinnik, Alexey"]
[Result "1/2-1/2"]
[WhiteElo "1708"]
[BlackElo "1832"]
[PlyCount "131"]
[GameId "2217913298121638"]
[EventDate "2025.??.??"]

1. d4 Nf6 2. Nc3 d5 3. Bf4 c6 4. e3 e6 5. Nf3 Bd6 6. Bd3 Bxf4 7. exf4 Nbd7 8. Ne5 Qb6 9. Rb1 Qxd4 10. Nxf7 Ne4 11. Nd6+ Ke7 12. Ndxe4 dxe4 13. Bxe4 Qxd1+ 14. Rxd1 Nf6 15. O-O Nd5 16. Ne2 g6 17. Rfe1 Rf8 18. g3 a5 19. Nd4 Kf7 20. Nf3 Nf6 21. Ne5+ Ke7 22. c4 Nd7 23. Nf3 Nf6 24. Rd4 Rd8 25. Rxd8 Kxd8 26. Ne5 Ke7 27. f3 Nd7 28. Rd1 a4 29. Kf2 Ra5 30. Nd3 Nc5 31. Ne5 Nd7 32. Nd3 Nc5 33. Nb4 Na6 34. a3 Bd7 35. Nxa6 Rxa6 36. c5 Ra5 37. Rd4 Rxc5 38. Rxa4 Rb5 39. Rb4 Rxb4 40. axb4 b6 41. Ke3 Kd6 42. h4 c5 43. bxc5+ bxc5 44. h5 Be8 45. hxg6 hxg6 46. Kd3 Bb5+ 47. Kc3 Be8 48. Kc4 Bf7 49. Kc3 Be8 50. b4 cxb4+ 51. Kxb4 Ke7 52. Kc5 Kf6 53. Kd6 Ba4 54. g4 Bb3 55. Bc6 Bc4 56. Be4 Bb3 57. g5+ Kf7 58. Bc6 Bc2 59. Be4 Bb3 60. Ke5 Bc4 61. Bc6 Bd3 62. Bd7 Bf5 63. Bc6 Bd3 64. Kd4 Bc2 65. Ke5 Bb3 66. Be4 1/2-1/2

[Event "9. Bayer Sommeropen"]
[Site "Leverkusen"]
[Date "2025.08.15"]
[Round "1.31"]
[White "Bill, Oliver"]
[Black "Chaganti, Prahasith Reddy"]
[Result "1/2-1/2"]
[WhiteElo "1821"]
[BlackElo "1691"]
[PlyCount "80"]
[GameId "2217913298121639"]
[EventDate "2025.??.??"]

1. e4 c5 2. Nf3 Nc6 3. d4 cxd4 4. c3 d3 5. Bxd3 d6 6. O-O Nf6 7. c4 g6 8. Nc3 Bg7 9. Bg5 h6 10. Bd2 O-O 11. h3 e6 12. Rc1 d5 13. exd5 exd5 14. cxd5 Nxd5 15. Nxd5 Qxd5 16. Bc4 Qh5 17. Nh2 Qxd1 18. Rcxd1 Ne5 19. Be2 Be6 20. b3 Rac8 21. Nf3 Rc2 22. Nxe5 Bxe5 23. Bf3 Kh7 24. Bb4 Rfc8 25. Bd5 Bxd5 26. Rxd5 Bc7 27. Rd7 Kg8 28. Re1 Bb6 29. Rf1 Rxa2 30. Bd2 Rcc2 31. Bxh6 Rxf2 32. Rxf2 Rxf2 33. Rxb7 Rb2+ 34. Kf1 Rxb3 35. Bf4 Rb1+ 36. Ke2 Rb2+ 37. Kf3 Rb3+ 38. Ke2 Rb2+ 39. Kf3 Bd4 40. Rd7 Bb6 1/2-1/2

[Event "9. Bayer Sommeropen"]
[Site "Leverkusen"]
[Date "2025.08.15"]
[Round "1.32"]
[White "Stutt, Jonas"]
[Black "Metin, Altug"]
[Result "0-1"]
[WhiteElo "1689"]
[BlackElo "1821"]
[PlyCount "40"]
[GameId "2217913298121640"]
[EventDate "2025.??.??"]

1. e4 c5 2. Nf3 d6 3. d4 cxd4 4. Nxd4 Nf6 5. Nc3 a6 6. f3 e5 7. Nb3 Be6 8. Be3 h5 9. Qd2 Nbd7 10. O-O-O Be7 11. h4 b5 12. Be2 Nb6 13. Bxb6 Qxb6 14. Nd5 Bxd5 15. exd5 O-O 16. Qd3 Rfb8 17. g4 a5 18. gxh5 Nxh5 19. Rdg1 Nf4 20. Qe4 f5 0-1

[Event "9. Bayer Sommeropen"]
[Site "Leverkusen"]
[Date "2025.08.15"]
[Round "1.33"]
[White "Thiele, Hanjo"]
[Black "Yildiran, Sinan"]
[Result "1-0"]
[WhiteElo "1815"]
[BlackElo "1684"]
[PlyCount "103"]
[GameId "2217913298121641"]
[EventDate "2025.??.??"]

1. e4 c6 2. d4 d5 3. e5 Bf5 4. Nf3 e6 5. Be2 c5 6. c3 Nc6 7. O-O Qb6 8. b3 Nge7 9. Be3 cxd4 10. cxd4 Rc8 11. Nc3 Bg4 12. Nh4 Bxe2 13. Nxe2 Ng6 14. Nf3 Ba3 15. h4 Nge7 16. Bc1 Bxc1 17. Rxc1 O-O 18. Qd2 Qb4 19. Qd3 h6 20. g4 Qa3 21. Qd2 a5 22. Nf4 Qb4 23. Qd3 Qa3 24. g5 Nb4 25. Qd2 Qxa2 26. Qxa2 Nxa2 27. Ra1 hxg5 28. Nxg5 Rc2 29. Nd3 Nf5 30. Nf3 b6 31. Nc1 Nxc1 32. Rfxc1 Rfc8 33. Rcb1 R2c3 34. Kg2 Rd3 35. b4 Rcc3 36. Ng5 Nxh4+ 37. Kf1 Ra3 38. bxa5 Rxa1 39. Rxa1 bxa5 40. Rxa5 g6 41. Ra8+ Kg7 42. Ra7 Rxd4 43. Nxe6+ Kg8 44. Nxd4 g5 45. Rd7 Ng6 46. Rxd5 Nf4 47. Ra5 Kg7 48. e6 fxe6 49. Rxg5+ Kf6 50. Rg8 e5 51. Nf3 e4 52. Rf8+ 1-0

[Event "9. Bayer Sommeropen"]
[Site "Leverkusen"]
[Date "2025.08.15"]
[Round "1.34"]
[White "Hoferichter, Michael"]
[Black "Koch, Kian"]
[Result "0-1"]
[WhiteElo "1683"]
[BlackElo "1812"]
[PlyCount "70"]
[GameId "2217913298121642"]
[EventDate "2025.??.??"]

1. e4 c5 2. Nf3 Nc6 3. c3 d5 4. exd5 Qxd5 5. d4 Nf6 6. Be3 cxd4 7. cxd4 e6 8. a3 Be7 9. Nc3 Qd8 10. Bd3 O-O 11. O-O a6 12. b4 b5 13. Qc2 Bb7 14. Rad1 Rc8 15. Ne5 Nxb4 16. axb4 Bxb4 17. Bd2 Qxd4 18. Nf3 Bxf3 19. gxf3 Bxc3 20. Rc1 Bxd2 21. Qxd2 Rcd8 22. Rfd1 Qd5 23. Qe2 Qg5+ 24. Kf1 Rc8 25. Ra1 Rc6 26. Ra2 Nd5 27. Qd2 Qxd2 28. Raxd2 f5 29. Ra1 g6 30. Rda2 Nb4 31. Rd2 Rfc8 32. Kg2 Rd6 33. Ra3 Rcd8 34. Rc3 Rxd3 35. Rcxd3 Rxd3 0-1

[Event "9. Bayer Sommeropen"]
[Site "Leverkusen"]
[Date "2025.08.15"]
[Round "1.35"]
[White "Trevisan, Florian"]
[Black "Haslak, Battal"]
[Result "1-0"]
[WhiteElo "1812"]
[BlackElo "1666"]
[PlyCount "35"]
[GameId "2217913298121643"]
[EventDate "2025.??.??"]

1. e4 Nc6 2. Nf3 e5 3. Bc4 Nf6 4. Ng5 d5 5. exd5 b5 6. Bf1 Nxd5 7. Bxb5 Bb7 8. Qf3 Qd7 9. Nc3 Nxc3 10. dxc3 h6 11. Nxf7 Bd6 12. Nxh8 O-O-O 13. Nf7 Rf8 14. Nxd6+ Qxd6 15. Qd3 Qf6 16. Be3 e4 17. Qe2 Kb8 18. Ba6 1-0

[Event "9. Bayer Sommeropen"]
[Site "Leverkusen"]
[Date "2025.08.15"]
[Round "1.36"]
[White "Breuer, Achim"]
[Black "Lambertz, Walter"]
[Result "0-1"]
[WhiteElo "1661"]
[BlackElo "1809"]
[PlyCount "48"]
[GameId "2217913298121644"]
[EventDate "2025.??.??"]

1. d4 Nf6 2. c4 g6 3. Nc3 d5 4. Nf3 Bg7 5. Bg5 Ne4 6. Nxd5 Nxg5 7. Nxg5 e6 8. Nxf7 Kxf7 9. Nf4 Qxd4 10. Nd3 Rf8 11. h4 Nd7 12. e3 Qf6 13. h5 g5 14. Rh3 Kg8 15. Qg4 Qf5 16. Qg3 Ne5 17. Nxe5 Bxe5 18. f4 Bxb2 19. Rd1 Bc3+ 20. Kf2 e5 21. Rd5 c6 22. Bd3 exf4 23. exf4 Qxf4+ 24. Qxf4 Rxf4+ 0-1

[Event "9. Bayer Sommeropen"]
[Site "Leverkusen"]
[Date "2025.08.15"]
[Round "1.37"]
[White "Göbel, Dominik"]
[Black "Klees, Robert"]
[Result "1/2-1/2"]
[WhiteElo "1807"]
[BlackElo "1657"]
[PlyCount "57"]
[GameId "2217913298121645"]
[EventDate "2025.??.??"]

1. d4 Nf6 2. c4 e5 3. dxe5 Ng4 4. Nf3 Nc6 5. Nc3 Ngxe5 6. Nxe5 Nxe5 7. e4 Bb4 8. Bf4 Ng6 9. Bg3 d6 10. Be2 Bxc3+ 11. bxc3 O-O 12. O-O Re8 13. f3 b6 14. c5 bxc5 15. Rb1 Be6 16. Qa4 Bd7 17. Qa6 Qc8 18. Rb7 Be6 19. Bb5 Rd8 20. a4 Ne7 21. Rb1 Bd7 22. Bxd7 Qxd7 23. Rxa7 Rxa7 24. Qxa7 Nc6 25. Qa6 Nb8 26. Qb5 Nc6 27. Qa6 Nb8 28. Qb5 Nc6 29. Qa6 1/2-1/2

[Event "9. Bayer Sommeropen"]
[Site "Leverkusen"]
[Date "2025.08.15"]
[Round "1.39"]
[White "Urra, Michelle"]
[Black "Völker, Werner"]
[Result "1-0"]
[WhiteElo "1801"]
[BlackElo "1640"]
[PlyCount "65"]
[GameId "2217913298121647"]
[EventDate "2025.??.??"]

1. d4 Nf6 2. Bf4 d6 3. e3 g6 4. Nf3 Bg7 5. Be2 O-O 6. c3 Nbd7 7. O-O c5 8. Nbd2 b6 9. Bg3 Bb7 10. Qc2 Nh5 11. a4 Nxg3 12. hxg3 cxd4 13. exd4 Rc8 14. a5 e5 15. Qa4 e4 16. Ne1 d5 17. Nc2 Bc6 18. Bb5 Bxb5 19. Qxb5 Rb8 20. Qxd5 Nf6 21. Qxd8 Rfxd8 22. axb6 axb6 23. Rfe1 Re8 24. Ra7 b5 25. Nb4 Bf8 26. Ra6 Bh6 27. Nf1 Nd7 28. Ne3 f5 29. Ned5 Bf8 30. Ra7 Bxb4 31. Rxd7 Ba5 32. Nf6+ Kf8 33. Nxe8 1-0

[Event "9. Bayer Sommeropen"]
[Site "Leverkusen"]
[Date "2025.08.15"]
[Round "1.40"]
[White "Bracher, Lucas"]
[Black "Freiknecht, Axel"]
[Result "1-0"]
[WhiteElo "1648"]
[BlackElo "1798"]
[PlyCount "87"]
[GameId "2217913298121648"]
[EventDate "2025.??.??"]

1. d4 e6 2. c4 d5 3. Nc3 Nf6 4. cxd5 exd5 5. Bg5 Be7 6. e3 O-O 7. Bd3 h6 8. Bh4 Nbd7 9. Nge2 c6 10. O-O Ne4 11. Bxe7 Qxe7 12. Qc2 Ndf6 13. Rae1 Bd7 14. f3 Nxc3 15. Nxc3 Qd6 16. Qf2 Rad8 17. e4 dxe4 18. fxe4 Ng4 19. Qg3 Qxd4+ 20. Kh1 Be6 21. Bb1 Qe5 22. Rf4 Nf6 23. Qf2 Qd4 24. Nd5 Rxd5 25. exd5 Qxf2 26. Rxf2 Nxd5 27. Rxe6 fxe6 28. Bh7+ Kxh7 29. Rxf8 Kg6 30. Rd8 Nb4 31. a3 Na6 32. Ra8 e5 33. Rxa7 e4 34. Rxb7 Nc5 35. Rc7 Kf5 36. Kg1 Kf4 37. Rxc6 Nd3 38. b4 Ke3 39. b5 Kd2 40. b6 e3 41. Re6 Nc5 42. Re7 e2 43. b7 Nxb7 44. Kf2 1-0

[Event "9. Bayer Sommeropen"]
[Site "Leverkusen"]
[Date "2025.08.15"]
[Round "1.41"]
[White "Heider, Reimar"]
[Black "Siegler, Stefan"]
[Result "1-0"]
[WhiteElo "1634"]
[BlackElo "1520"]
[PlyCount "31"]
[GameId "2217913298121649"]
[EventDate "2025.??.??"]

1. e4 e5 2. Nf3 Nc6 3. Bc4 Bc5 4. c3 Nf6 5. d4 exd4 6. cxd4 Bb4+ 7. Nc3 Nxe4 8. O-O Nxc3 9. bxc3 Bxc3 10. Ba3 d6 11. Qb3 O-O 12. Qxc3 Bg4 13. d5 Bxf3 14. Qxf3 Ne5 15. Qc3 Qg5 16. f4 1-0

[Event "9. Bayer Sommeropen"]
[Site "Leverkusen"]
[Date "2025.08.15"]
[Round "1.42"]
[White "Jakob, Gudrun"]
[Black "Langensiepen, Burkhard"]
[Result "0-1"]
[WhiteElo "1519"]
[BlackElo "1627"]
[PlyCount "80"]
[GameId "2217913298121650"]
[EventDate "2025.??.??"]

1. e4 c5 2. Bc4 e6 3. Nf3 Nc6 4. d4 cxd4 5. Nxd4 g6 6. Be3 Bg7 7. c3 Nf6 8. Nxc6 bxc6 9. Nd2 O-O 10. O-O d5 11. exd5 cxd5 12. Be2 Rb8 13. Rb1 a5 14. Nf3 Ng4 15. Bf4 e5 16. Bg3 Re8 17. h3 Nh6 18. Re1 Nf5 19. Bh2 Rb6 20. a4 e4 21. Nd4 Nxd4 22. cxd4 Bf5 23. Bb5 Bd7 24. Bxd7 Qxd7 25. f3 Rb4 26. b3 Rxd4 27. Qc2 f5 28. Kh1 e3 29. Bg1 Rd2 30. Qc5 f4 31. Qxa5 Rc8 32. Bh2 Qf5 33. Rbc1 Rcc2 34. Rxc2 Qxc2 35. Rg1 e2 36. Qa8+ Bf8 37. Bxf4 Rd1 38. Bh6 Rxg1+ 39. Kh2 Rxg2+ 40. Kxg2 e1=Q+ 0-1

[Event "9. Bayer Sommeropen"]
[Site "Leverkusen"]
[Date "2025.08.15"]
[Round "1.43"]
[White "Pohlmann, Marco"]
[Black "Krenzel, Christoph"]
[Result "1/2-1/2"]
[WhiteElo "1627"]
[BlackElo "1510"]
[PlyCount "82"]
[GameId "2217913298121651"]
[EventDate "2025.??.??"]

1. e4 d5 2. exd5 Nf6 3. Nc3 Nxd5 4. Qf3 Nxc3 5. Qxc3 Nc6 6. Bb5 Qd5 7. Bxc6+ bxc6 8. f3 a5 9. Ne2 e5 10. a3 Ba6 11. d3 Be7 12. Be3 Bf6 13. O-O O-O 14. Qd2 Bb7 15. Nc3 Qe6 16. Ne4 Be7 17. Bc5 Rfe8 18. Be3 Qg6 19. Bc5 Bc8 20. Bxe7 Rxe7 21. f4 Bh3 22. Rf3 Bg4 23. Rf2 Bf5 24. Re1 Rd7 25. Nc5 Rd5 26. Rxe5 Rxe5 27. fxe5 Be6 28. Nxe6 fxe6 29. Qf4 Qe8 30. b3 Qe7 31. a4 c5 32. d4 cxd4 33. Qxd4 Rd8 34. Qe3 Rd1+ 35. Rf1 Qd7 36. Qf3 Qd4+ 37. Kh1 Rxf1+ 38. Qxf1 Qxe5 39. h3 Qd6 40. Qf3 c6 41. Qf1 c5 1/2-1/2

[Event "9. Bayer Sommeropen"]
[Site "Leverkusen"]
[Date "2025.08.15"]
[Round "1.45"]
[White "Schüers, Christian"]
[Black "Krugmann, Alexander"]
[Result "1/2-1/2"]
[WhiteElo "1622"]
[BlackElo "1490"]
[PlyCount "58"]
[GameId "2217913298121653"]
[EventDate "2025.??.??"]

1. d4 Nf6 2. Nf3 d5 3. e3 Bf5 4. Nbd2 e6 5. c4 c5 6. Be2 Bd6 7. O-O O-O 8. b3 Nc6 9. Bb2 Qc7 10. h3 Qb6 11. Nh4 cxd4 12. Nxf5 exf5 13. cxd5 Nxd5 14. Nc4 Qc7 15. exd4 Rad8 16. Bf3 Be7 17. Bxd5 Rxd5 18. Ne3 Rd7 19. Nxf5 Bf6 20. Qg4 Rfd8 21. Rfd1 Qb6 22. Rd3 g6 23. Ne3 Bxd4 24. Bxd4 Rxd4 25. Rxd4 Qxd4 26. Rd1 Qxg4 27. Rxd8+ Nxd8 28. Nxg4 Nc6 29. Kf1 Kg7 1/2-1/2

[Event "9. Bayer Sommeropen"]
[Site "Leverkusen"]
[Date "2025.08.16"]
[Round "2.1"]
[White "Kiese, Matthias"]
[Black "Korchynskyi, Mykola"]
[Result "0-1"]
[WhiteElo "2065"]
[BlackElo "2346"]
[PlyCount "104"]
[GameId "2217913298121669"]
[EventDate "2025.??.??"]

1. d4 Nf6 2. Nf3 e6 3. Bg5 c5 4. e3 h6 5. Bxf6 Qxf6 6. Nbd2 cxd4 7. exd4 d5 8. Bb5+ Bd7 9. Qe2 a6 10. Bd3 Nc6 11. c3 Bd6 12. O-O O-O 13. Rfe1 Rfc8 14. Ne5 Bxe5 15. dxe5 Qd8 16. Qe3 b5 17. Nb3 b4 18. Rac1 bxc3 19. bxc3 Na5 20. Nd2 Bb5 21. Bb1 Nc4 22. Nxc4 Rxc4 23. Qd3 g6 24. Qg3 Qg5 25. Qxg5 hxg5 26. Bd3 Ra4 27. Bxb5 axb5 28. Rb1 Rxa2 29. h3 R8a5 30. g3 Rc2 31. Re3 Raa2 32. Rf3 Rcb2 33. Rd1 Re2 34. Rb1 Ra5 35. Re3 Rxe3 36. fxe3 Ra3 37. Rxb5 Rxc3 38. Kf2 Rc4 39. Kf3 Re4 40. g4 Kg7 41. Rb7 Rxe5 42. Rb4 f5 43. Rb7+ Kf6 44. Rb8 Re4 45. Rf8+ Kg7 46. Re8 Kf7 47. Rd8 Ra4 48. Rd7+ Kf6 49. Rd8 Ra3 50. Kf2 f4 51. exf4 gxf4 52. h4 Rh3 0-1

[Event "9. Bayer Sommeropen"]
[Site "Leverkusen"]
[Date "2025.08.16"]
[Round "2.2"]
[White "Tochtenhagen, Wolfgang"]
[Black "Asadzade, Idris"]
[Result "0-1"]
[WhiteElo "2088"]
[BlackElo "2234"]
[PlyCount "90"]
[GameId "2217913298121670"]
[EventDate "2025.??.??"]

1. e4 c5 2. Nf3 d6 3. d4 cxd4 4. Nxd4 Nf6 5. Nc3 Nc6 6. Be2 g6 7. Be3 Bg7 8. Qd2 Bd7 9. O-O-O Nxd4 10. Bxd4 Bc6 11. f3 h5 12. Kb1 Qb8 13. Nd5 Bxd5 14. exd5 h4 15. g4 Qc8 16. Rhe1 Qd7 17. h3 a6 18. Bd3 O-O 19. Qf2 Qa4 20. Be4 Rac8 21. g5 Nd7 22. Bxg7 Kxg7 23. Rd4 Qa5 24. Red1 Qb6 25. Qd2 Ne5 26. Rb4 Qc7 27. b3 f5 28. gxf6+ Rxf6 29. f4 Nf7 30. Rg1 b5 31. Qe2 Rg8 32. Rd4 Qc5 33. Rdd1 Kf8 34. Qg4 Qe3 35. Qc8+ Kg7 36. Qxa6 Qxe4 37. Qxb5 Rc8 38. Rd2 Qxf4 39. Rdg2 Rc5 40. Qb7 Qe4 41. Rd2 Rf5 42. Rgd1 e6 43. b4 Rcxd5 44. Rxd5 Rxd5 45. Rf1 Rd1+ 0-1

[Event "9. Bayer Sommeropen"]
[Site "Leverkusen"]
[Date "2025.08.16"]
[Round "2.3"]
[White "Di Franco, Patricio"]
[Black "Panjer, Sidney"]
[Result "1/2-1/2"]
[WhiteElo "2071"]
[BlackElo "2200"]
[PlyCount "48"]
[GameId "2217913298121671"]
[EventDate "2025.??.??"]

1. c4 e6 2. g3 d5 3. Bg2 Nf6 4. Nf3 Be7 5. O-O O-O 6. d3 d4 7. Na3 Nc6 8. Nc2 a5 9. e3 e5 10. exd4 exd4 11. b3 Bf5 12. a3 Bc5 13. Bf4 Re8 14. h3 h6 15. g4 Bh7 16. Qd2 Bd6 17. Rfe1 Bxf4 18. Qxf4 Bxd3 19. Ncxd4 Rxe1+ 20. Rxe1 Nxd4 21. Nxd4 c6 22. Qe3 Bg6 23. f4 Qd7 24. Nf3 Re8 1/2-1/2

[Event "9. Bayer Sommeropen"]
[Site "Leverkusen"]
[Date "2025.08.16"]
[Round "2.4"]
[White "Ramien, David"]
[Black "Kagan, Dennis"]
[Result "1/2-1/2"]
[WhiteElo "2243"]
[BlackElo "2002"]
[PlyCount "81"]
[GameId "2217913298121672"]
[EventDate "2025.??.??"]

1. Nf3 Nf6 2. c4 e6 3. Nc3 d5 4. e3 Be7 5. b3 b6 6. cxd5 exd5 7. Bb2 Bb7 8. d4 Nbd7 9. Bd3 Ne4 10. O-O O-O 11. Ne2 c5 12. Rc1 Bf6 13. Nf4 g6 14. Qe2 Re8 15. Rfd1 Rc8 16. Ba6 Bxa6 17. Qxa6 Nf8 18. Qb7 g5 19. Nh5 Bh8 20. Ne5 Re7 21. Qa6 cxd4 22. Ng4 Re6 23. exd4 f5 24. Ne5 Rxc1 25. Rxc1 Bxe5 26. dxe5 Qe8 27. Ng3 Nc5 28. Qe2 f4 29. Nf5 Ng6 30. Nh6+ Kf8 31. Re1 Ne7 32. Ng4 Qg6 33. Ba3 Nd3 34. Rd1 h5 35. Qxd3 Qxd3 36. Rxd3 hxg4 37. Rxd5 Ke8 38. Bxe7 Kxe7 39. h3 gxh3 40. gxh3 Rc6 41. e6 1/2-1/2

[Event "9. Bayer Sommeropen"]
[Site "Leverkusen"]
[Date "2025.08.16"]
[Round "2.5"]
[White "Neumair, Jerome"]
[Black "Riemland, Arnold"]
[Result "0-1"]
[WhiteElo "2077"]
[BlackElo "2124"]
[PlyCount "76"]
[GameId "2217913298121673"]
[EventDate "2025.??.??"]

1. d4 c5 2. d5 Nf6 3. c4 e6 4. Nc3 exd5 5. cxd5 d6 6. Nf3 g6 7. Bf4 a6 8. a4 Bg7 9. h3 O-O 10. e3 Bf5 11. Nd2 Ne8 12. Nc4 g5 13. Bg3 Bg6 14. Qb3 f5 15. Qb6 Bxc3+ 16. bxc3 Qf6 17. Qb2 f4 18. Bh2 Nd7 19. exf4 gxf4 20. Be2 Nc7 21. O-O b5 22. Na5 b4 23. Rac1 Nb6 24. Qb3 Nbxd5 25. cxb4 Bf7 26. Qf3 cxb4 27. Rfd1 Nc3 28. Qg4+ Kh8 29. Rxc3 bxc3 30. Bxf4 Be6 31. Rxd6 Bxg4 32. Rxf6 Rxf6 33. Bxc7 c2 34. Nb3 Bxe2 35. Be5 Kg7 36. g4 Kf7 37. Bxf6 Kxf6 38. Nc1 Bc4 0-1

[Event "9. Bayer Sommeropen"]
[Site "Leverkusen"]
[Date "2025.08.16"]
[Round "2.6"]
[White "Sheng, Ming"]
[Black "Schwibbert, Jonas"]
[Result "1/2-1/2"]
[WhiteElo "2031"]
[BlackElo "2153"]
[PlyCount "39"]
[GameId "2217913298121674"]
[EventDate "2025.??.??"]

1. e4 e5 2. Nf3 Nc6 3. Bc4 Bc5 4. d3 Nf6 5. a4 a6 6. a5 d5 7. exd5 Nxd5 8. O-O O-O 9. Nc3 Nxc3 10. bxc3 Bg4 11. h3 Bh5 12. Qe2 Re8 13. Qe4 Qf6 14. Ng5 Bg6 15. Qd5 Ba7 16. Ne4 Qh4 17. Bxa6 Rad8 18. Qc4 bxa6 19. Qxc6 Bxe4 20. Qxe4 1/2-1/2

[Event "9. Bayer Sommeropen"]
[Site "Leverkusen"]
[Date "2025.08.16"]
[Round "2.7"]
[White "Mänken, Merlin"]
[Black "Weidert, Florian"]
[Result "1-0"]
[WhiteElo "2177"]
[BlackElo "1920"]
[PlyCount "117"]
[GameId "2217913298121675"]
[EventDate "2025.??.??"]

1. Nf3 d5 2. c4 d4 3. e3 Nc6 4. b4 Bg4 5. Qa4 Bxf3 6. gxf3 e6 7. Bb2 dxe3 8. fxe3 Qh4+ 9. Kd1 Qf2 10. Be2 Rd8 11. b5 Nb8 12. Qxa7 Nf6 13. Be5 Bd6 14. Bxd6 cxd6 15. Nc3 O-O 16. Kc2 d5 17. Raf1 Qh4 18. f4 Nbd7 19. cxd5 Ra8 20. Qd4 exd5 21. Rhg1 Rfc8 22. Kb1 Qxh2 23. Rh1 Qg2 24. Rfg1 Qf2 25. Bd3 g6 26. f5 Qxd2 27. fxg6 fxg6 28. Rxh7 Qxc3 29. Rxg6+ Kf8 30. Rh8+ Kf7 31. Qxc3 Rxc3 32. Rxa8 Rxd3 33. Rg3 Ne4 34. Rh3 Ndc5 35. Rd8 Rd2 36. Rh7+ Kg6 37. Rc7 Nc3+ 38. Kc1 Rd1+ 39. Kc2 N5e4 40. Rxc3 Rd2+ 41. Kb3 Nxc3 42. Kxc3 Rxa2 43. Rxd5 Ra3+ 44. Kd4 Rb3 45. e4 Kf6 46. Kc5 Ke6 47. Kb6 Rb4 48. Kxb7 Rxe4 49. Rd1 Rb4 50. b6 Rb2 51. Ka7 Ra2+ 52. Kb8 Rb2 53. b7 Ke7 54. Rd4 Rb1 55. Kc7 Rc1+ 56. Kb6 Rb1+ 57. Kc6 Rb2 58. Rd5 Rc2+ 59. Rc5 1-0

[Event "9. Bayer Sommeropen"]
[Site "Leverkusen"]
[Date "2025.08.16"]
[Round "2.8"]
[White "Eßer, Julian"]
[Black "Rechmann, Peter"]
[Result "0-1"]
[WhiteElo "1939"]
[BlackElo "2174"]
[PlyCount "60"]
[GameId "2217913298121676"]
[EventDate "2025.??.??"]

1. e4 c5 2. Nf3 Nc6 3. d4 cxd4 4. Nxd4 e5 5. Nb5 d6 6. N1c3 a6 7. Na3 Be6 8. Nc4 b5 9. Ne3 Nf6 10. a3 Be7 11. Bd3 O-O 12. O-O Rc8 13. f4 exf4 14. Rxf4 g6 15. Ned5 Bxd5 16. exd5 Ne5 17. Be3 Rxc3 18. bxc3 Nxd5 19. Bxg6 Nxf4 20. Bxh7+ Kxh7 21. Bxf4 Ng6 22. Qh5+ Kg8 23. Rf1 Qb6+ 24. Kh1 Qc5 25. Qg4 Qc4 26. Rf3 Qe6 27. h3 Qxg4 28. hxg4 Nxf4 29. Rxf4 Rc8 30. a4 Rc4 0-1

[Event "9. Bayer Sommeropen"]
[Site "Leverkusen"]
[Date "2025.08.16"]
[Round "2.9"]
[White "Prieb, Robert"]
[Black "Feldhammer, Oskar"]
[Result "1-0"]
[WhiteElo "2246"]
[BlackElo "1710"]
[PlyCount "53"]
[GameId "2217913298121677"]
[EventDate "2025.??.??"]

1. d4 Nf6 2. c4 e6 3. Nf3 d5 4. Nc3 Be7 5. Bg5 O-O 6. e3 Nbd7 7. Rc1 a6 8. cxd5 exd5 9. Bd3 c6 10. h4 Ne8 11. Qc2 h6 12. g4 f6 13. Bf4 Bd6 14. Ne2 Rf7 15. g5 Bxf4 16. Nxf4 Nf8 17. Rg1 Kh8 18. gxh6 gxh6 19. Ke2 Rg7 20. Rxg7 Nxg7 21. Rg1 Be6 22. h5 Bf7 23. Nh4 Nxh5 24. Nfg6+ Bxg6 25. Bxg6 Ng7 26. Bf7 Qe7 27. Ng6+ 1-0

[Event "9. Bayer Sommeropen"]
[Site "Leverkusen"]
[Date "2025.08.16"]
[Round "2.10"]
[White "Menzel, Maximilian"]
[Black "Kühn, Viktoria"]
[Result "1/2-1/2"]
[WhiteElo "2196"]
[BlackElo "1931"]
[PlyCount "90"]
[GameId "2217913298121678"]
[EventDate "2025.??.??"]

1. Nf3 Nf6 2. c4 e6 3. g3 d5 4. d4 Be7 5. Bg2 O-O 6. O-O dxc4 7. Qc2 a6 8. a4 Bd7 9. Qxc4 Bc6 10. Bg5 Bd5 11. Qc2 Be4 12. Qc1 h6 13. Bxf6 Bxf6 14. Rd1 c6 15. e3 a5 16. Nbd2 Bh7 17. Nc4 Na6 18. Nfe5 Qc7 19. Ng4 Be7 20. e4 Nb4 21. Qc3 Rfd8 22. Rd2 Bf8 23. Rad1 Rac8 24. Qb3 Kh8 25. Nge5 b5 26. Na3 f6 27. Ng4 Qd7 28. Qf3 Bg8 29. Bh3 Qb7 30. e5 f5 31. Ne3 bxa4 32. g4 fxg4 33. Bxg4 Nd5 34. Nac4 Bb4 35. Rc2 Rf8 36. Qg3 Rcd8 37. Nxd5 cxd5 38. Nd6 Qd7 39. Rdc1 Bxd6 40. exd6 Qxd6 41. Rc6 Qxg3+ 42. hxg3 Rb8 43. R1c2 Bh7 44. Rd2 a3 45. bxa3 Rb1+ 1/2-1/2